Playstation Consoles - Statistics

General Stats
  • This quiz has been taken 354 times
  • The average score is 6 of 7
Answer Stats
Answer % Correct
Home Consoles Playstation
100%
Home Consoles Playstation 4
99%
Home Consoles Playstation 2
98%
Home Consoles Playstation 3
98%
Portable Consoles Playstation Portable
87%
Portable Consoles Playstation Vita
84%
Portable Consoles PocketStation
12%
No matching quizzes found
Score Distribution
Percent of People with Each Score
Percentile by Number Answered
Your Score History
You have not taken this quiz